| 000 | 02382cam a2200517 i 4500 | ||
|---|---|---|---|
| 001 | xx004955142 | ||
| 003 | NUKAT | ||
| 005 | 20260428125236.0 | ||
| 008 | 200925s2020 pl a g |000 0dpol c | ||
| 020 |
_a9788380983748 _q(oprawa miękka) : _czł 20,00 |
||
| 035 | _a(OCoLC)1199635669 | ||
| 035 | _a(NUKAT)xx004955142 | ||
| 040 |
_aKAT U/JSt _bpol _erda _cKAT U/JSts _dWR O/KS _dSIEDL 001/WS _dOLSZT 003/BK _dOLSZT 008/bak |
||
| 045 | 2 |
_bd1918 _bd1921 |
|
| 046 | _k1922 | ||
| 100 | 1 |
_aWalicka-Łada, Janina _d(około 1885-1935). _eAutor _940792 |
|
| 245 | 1 | 0 |
_a"Ułani! Ułani! Malowane dzieci..." : _b(przyczynek do dziejów armii ochotniczej) / _cJanina Łada Walicka ; z przedmową Czesława Mączyńskiego. |
| 260 |
_aWarszawa : _bInstytut Pamięci Narodowej. Komisja Ścigania Zbrodni przeciwko Narodowi Polskiemu, _c2020. |
||
| 300 |
_a70, [1] strona : _bilustracje ; _c21 cm. |
||
| 336 |
_aTekst _btxt _2rdacontent |
||
| 337 |
_aBez urządzenia pośredniczącego _bn _2rdamedia |
||
| 338 |
_aWolumin _bnc _2rdacarrier |
||
| 380 | _aKsiążki | ||
| 380 | _aLiteratura faktu, eseje, publicystyka | ||
| 386 |
_mPrzynależność kulturowa _aLiteratura polska |
||
| 388 | 1 | _a1901-2000 | |
| 388 | 1 | _a1918-1939 | |
| 490 | 1 | _aBiblioteka Akademii Niepodległości | |
| 500 | _aPodstawą obecnego wydania jest edycja wspomnień Janiny Łady-Walickiej z przedmową Czesława Mączyńskiego opublikowana we Lwowie w 1922 r. przez Spółkę Nakładową "Odrodzenie". | ||
| 600 | 1 | 7 |
_aŁada Walicka, Janina _d(1885-1935) _2DBN _940793 |
| 610 | 2 | 7 |
_aDetachement rtm. Abrahama _2DBN _940794 |
| 610 | 1 | 7 |
_aPolska. _bWojsko Polskie (1918-1939). _bDywizjon "Huzarów Śmierci" _vwydawnictwa popularne. _2kaba _940795 |
| 648 | 7 |
_a1901-2000 _2DBN _934996 |
|
| 648 | 7 |
_a1918-1939 _2DBN _936041 |
|
| 650 | 7 |
_aKawaleria _2DBN _937580 |
|
| 650 | 7 |
_aWojna polsko-bolszewicka (1919-1920) _2DBN _935671 |
|
| 651 | 7 |
_aPolska _2DBN _935076 |
|
| 655 | 7 |
_aPamiętniki i wspomnienia _2DBN _935005 |
|
| 658 | _aBezpieczeństwo i wojskowość | ||
| 658 | _aHistoria | ||
| 700 | 1 |
_aMączyński, Czesław _d(1881-1935). _ePrzedmowa _940796 |
|
| 710 | 2 |
_aInstytut Pamięci Narodowej - Komisja Ścigania Zbrodni przeciwko Narodowi Polskiemu. _eWydawca _4pbl _911792 |
|
| 830 | 0 |
_aBiblioteka Akademii Niepodległości _916406 |
|
| 920 | _a978-83-8098-374-8 (oprawa miękka) : zł 20,00 | ||
| 942 |
_2ddc _cBK_NM |
||
| 999 |
_c27840 _d27840 |
||